00678nam a2200205 a 450000100060000000300080000600500170001400800410003103500190007204000320009104100080012308200270013110000260015824501240018426000580030830000340036650000190040065000290041965000240044857021BD-RJUL20211209080447.0161205s1966 ii ab 001 0 eng d a(BD-RJUL)57145 aOBEcOBEdOCLdBD-RJULbeng aeng 223a294.3095bDUB 196610aDutt, Sukumar,d1891-10aBuddhism in East Asia :ban outline of Buddhism in the history and culture of the peoples of East Asia /cSukumar Dutt. aIndia :bIndian council for Cultural Relation,c1966. avii, 225 p. :bill. ;c24 cm. aIncludes index 0aBuddhismzSoutheast Asia 0aBuddhismzEast Asia